La aventura de Cristobal Colón. / (Registro nro. 7171)

Detalles MARC
000 -LEADER
fixed length control field 00851nam a2200253 a 4500
001 - CONTROL NUMBER
control field 000041300
003 - CONTROL NUMBER IDENTIFIER
control field 000041300
005 - DATE AND TIME OF LATEST TRANSACTION
control field 20140716092353.0
008 - FIXED-LENGTH DATA ELEMENTS--GENERAL INFORMATION
fixed length control field 130930s sp c 001 0 spa d
040 ## - CATALOGING SOURCE
Original cataloging agency BPMET
Language of cataloging spa
Transcribing agency BPMET
092 ## - LOCALLY ASSIGNED DEWEY CALL NUMBER (OCLC)
Classification number xxxx
Item number xxx
100 ## - MAIN ENTRY--PERSONAL NAME
Relator code Taviani, Paolo Emilio
245 13 - TITLE STATEMENT
Title La aventura de Cristobal Colón. /
Statement of responsibility, etc. Paolo Emilio Taviani
260 ## - PUBLICATION, DISTRIBUTION, ETC. (IMPRINT)
Place of publication, distribution, etc. La Habana :
Name of publisher, distributor, etc. Ciencias Sociales
Date of publication, distribution, etc. 1989
300 ## - PHYSICAL DESCRIPTION
Extent 220 p. :
Dimensions 21 cm.
500 ## - GENERAL NOTE
General note Incluye datos biografícos del autor en la solapa de la portada
930 #1 - EQUIVALENCE OR CROSS-REFERENCE-UNIFORM TITLE HEADING [LOCAL, CANADA]
Language of a work BND01
Medium of performance for music LF1
Field link and sequence number 20130930
Date of a work 01
Name of part/section of a work CT
Miscellaneous information 40544
942 ## - ADDED ENTRY ELEMENTS (KOHA)
Source of classification or shelving scheme Dewey Decimal Classification
Koha item type Libros
956 ## - LOCAL ELECTRONIC LOCATION AND ACCESS (OCLC)
Host name DGARCIA
Access number 10
Compression information 20130930
Logon BND01
Processor of request 1030
956 ## - LOCAL ELECTRONIC LOCATION AND ACCESS (OCLC)
Host name DGARCIA
Access number 10
Compression information 20130930
Logon BND01
Processor of request 1030
956 ## - LOCAL ELECTRONIC LOCATION AND ACCESS (OCLC)
Host name YLOCKWARD
Access number 10
Compression information 20131003
Logon BND01
Processor of request 1459
956 ## - LOCAL ELECTRONIC LOCATION AND ACCESS (OCLC)
Host name YLOCKWARD
Access number 10
Compression information 20131003
Logon BND01
Processor of request 1459
956 ## - LOCAL ELECTRONIC LOCATION AND ACCESS (OCLC)
Host name YLOCKWARD
Access number 10
Compression information 20131003
Logon BND01
Processor of request 1501
Existencias
Withdrawn status Lost status Source of classification or shelving scheme Damaged status Not for loan Collection code Home library Current library Date acquired Total Checkouts Barcode Date last seen Copy number Price effective from Koha item type
    Dewey Decimal Classification       Biblioteca Pública Metropolitana Salomé Ureña Biblioteca Pública Metropolitana Salomé Ureña 07/16/2014   BPMET15040595 07/16/2014 1 07/16/2014 Libros